Top 5 Cities Per Civilization - Statistics

General Stats
  • This quiz has been taken 139 times
  • The average score is 27 of 50
Answer Stats
Answer % Correct
American New York
97%
English London
95%
Chinese Beijing
94%
French Paris
93%
Japanese Tokyo
93%
Indian Delhi
92%
German Berlin
91%
Russian Moscow
89%
American Washington
89%
Chinese Shanghai
88%
Russian St. Petersburg
88%
American Boston
87%
Japanese Kyoto
83%
Indian Mumbai
83%
German Munich
82%
Japanese Osaka
82%
American Philadelphia
81%
French Lyon
80%
Arabian Mecca
78%
German Hamburg
76%
Egyptian Alexandria
70%
Chinese Guangzhou
69%
German Frankfurt
68%
Arabian Medina
65%
English York
63%
German Cologne
60%
Arabian Baghdad
59%
Chinese Xi'an
56%
Egyptian Memphis
55%
Egyptian Thebes
50%
Arabian Damascus
46%
Chinese Nanjing
46%
American Atlanta
45%
French Orleans
36%
English Nottingham
32%
Russian Novgorod
29%
Russian Rostov
24%
English Canterbury
17%
French Tours
16%
English Hastings
14%
Egyptian Elephantine
11%
Egyptian Heliopolis
11%
Japanese Kagoshima
10%
Indian Vijayanagara
8%
French Troyes
7%
Indian Varanasi
7%
Japanese Satsuma
6%
Arabian Najran
2%
Indian Pataliputra
2%
Russian Yaroslavl
2%
No matching quizzes found
Score Distribution
Percent of People with Each Score
Percentile by Number Answered
Your Score History
You have not taken this quiz